LEADER 01140nam a2200301 i 4500 001 991001963589707536 005 20020507154539.0 008 000904s1993 it ||| | ita 020 $a8814040745 035 $ab11589541-39ule_inst 035 $aLE02728159$9ExL 040 $aDip.to Studi Giuridici$bita 082 0 $a342.4509 084 $aAM-X/C 245 10$aFunzioni da trasferire agli enti locali dell'area metropolitana dopo la Legge 142/1990 260 $aMilano :$bA. Giuffrè,$c1993 300 $a109 p. ;$c24 cm. 490 0 $aQuaderni I.S.A.P ;$v30 500 $aRelazioni presentate a un seminario tenuto a Milano nel 1992. 500 $aSegue: Appendice 650 4$aEnti locali$xLegislazione 650 4$aMetropoli$xAmministrazione$zLombardia 907 $a.b11589541$b01-03-17$c02-07-02 912 $a991001963589707536 945 $aLE027 AM-X/C 7$g1$iLE027I-2770$lle027$o-$pE0.00$q-$rl$s- $t0$u0$v0$w0$x0$y.i11798932$z02-07-02 996 $aFunzioni da trasferire agli enti locali dell'area metropolitana dopo la Legge 142$9896373 997 $aUNISALENTO 998 $ale027$b01-01-00$cm$da $e-$fita$git $h0$i1